| 000 | 00478nam a2200181Ia 4500 | ||
|---|---|---|---|
| 008 | 131103s9999 xx 000 0 und d | ||
| 040 | _aLoreto College | ||
| 041 | _aEnglish | ||
| 082 |
_a954/PRA _bLCBED/4101 |
||
| 100 | _aPrasad, Ishwari | ||
| 245 | 2 |
_aA new history of india _cIshwari Prasad |
|
| 260 |
_aAllahabad _bIndia press _c1964 |
||
| 300 |
_av,304p _c 20cm. |
||
| 504 | _aIncludes appendix | ||
| 650 | _aHistory - India | ||
| 850 | _aLCBED/954/PRA | ||
| 942 | _cBK | ||
| 999 |
_c33051 _d83530 |
||